00748nam a22002172i 450000100060000000300080000600500170001400800410003102000150007202000220008703500190010904000320012804100110016008200230017110000350019424501850022926000510041430000200046550400290048565000160051433017BD-RjUL20211209051931.0140429s1949 enk b 000 0 eng d a0853980462 a0853980454 (pbk.) a(BD-RjUL)33107 aDLCcDLCdEQOdBD-RjULbeng1 aengara a297.8982bBAG 19490 aBaháʼuʼlláh,d1817-1892.14aThe glad tidings of Baháʼu'lláh :bbeing extracts from the sacred writings of the Bahá'ís /c[translated from the Arabic] ; with introduction and notes by George Townshend aLondon :bJohn Murry, Albemarle street,c1949. a111 p. ;c17 cm aBibliography: p. 111-112 0aBahai Faith